| 000 | 00790nam a2200229Ii 4500 | ||
|---|---|---|---|
| 003 | JO-AjNU | ||
| 008 | 230605s9999||||xx |||||||||||||| ||und|| | ||
| 017 | _a2000/2868 | ||
| 020 | _a977-270-608-3 | ||
| 040 |
_aJO-AjNU _bara _erda _cJO-AjNU |
||
| 041 | _aara | ||
| 050 | 1 | 4 | _aCT83.F7080 2001 |
| 100 | 3 |
_aشاكر، فؤاد, _eauthor _939625 |
|
| 245 | 0 | 0 | _aحصاد القرن العشرين: رجال صاغوا القرن العشرين، 5 ،ج2 |
| 250 | _aط1 | ||
| 264 | 3 | 1 | _aالقاهرة: الدار المصرية اللبنانية، 2001 |
| 300 |
_aج2، 445ص _bصور فوتوغرافية |
||
| 336 |
_atext _btxt _2rdacontent |
||
| 337 |
_aunmediated _bn _2rdamedia |
||
| 338 |
_avolume _bnc _2rdacarrier |
||
| 650 | 4 |
_aالقرن العشرين - تاريخ _939626 |
|
| 999 |
_aA16750 _c20318 _d20318 |
||